El alma de Napoleón
Gespeichert in:
| 1. Verfasser: | |
|---|---|
| Format: | Buch |
| Sprache: | Spanisch |
| Veröffentlicht: |
Ciudad de México
Fondo de Cultura Económica
1986
|
| Ausgabe: | 1a. ed |
| Schriftenreihe: | Cuadernos de la Gaceta
|
| Schlagworte: | |
| Tags: |
Tag hinzufügen
Keine Tags, Fügen Sie den ersten Tag hinzu!
|
MARC
| LEADER | 00000cam a2200000 a 4500 | ||
|---|---|---|---|
| 001 | UCE7382 | ||
| 003 | CL-VaPUC | ||
| 008 | 150605e19860000mx |||||||||||||||||spa|d | ||
| 020 | |a 9681624262 | ||
| 082 | 0 | 4 | |a 846 |b BLO |2 21 |
| 100 | 0 | |a Bloy, León |e author |9 313716 | |
| 245 | 1 | 3 | |a El alma de Napoleón |
| 250 | |a 1a. ed | ||
| 300 | |a 117 p | ||
| 942 | |c BK | ||
| 945 | |d 20150605 14:50:00 |a gsalatino | ||
| 260 | |a Ciudad de México |b Fondo de Cultura Económica |c 1986 | ||
| 650 | 0 | |a Ensayos franceses |9 265511 | |
| 650 | 0 | |a Literatura francesa |9 266330 | |
| 583 | |a last modification |c 20150605 14:50:00 |k Rodrigo Vera | ||
| 490 | 0 | |a Cuadernos de la Gaceta | |
| 999 | |c 359477 |d 359475 | ||
| 952 | |0 0 |1 0 |3 erb |4 0 |6 846_000000000000000_BLO_1986 |7 0 |8 A |9 468677 |a BIBEDU |b BIBEDU |e Villagrán Garnham, Jorge |i 5176875 |o 846 BLO 1986 |p 5176875 |r 2019-11-23 |w 2019-11-23 |y BK |z Catalogado en:20150605 |k LIT | ||